[Event "Druzynowe Mistrzostwa Polski - II liga"]
[Site "Dom Wczasowy VIS Jastrzebia Gora"]
[Date "1899-12-30"]
[Round "1.83"]
[White "Pettersson, Alexander"]
[Black "Swider, Pawel"]
[Result "1-0"]
[WhiteTitle "II+"]
[BlackTitle "I++"]
[WhiteElo "1849"]
[BlackElo "1920"]

1. d4 d5 2. c4 c6 3. Nc3 Nf6 4. Nf3 a6 5. e3 Bf5 6. Qb3 b5 7. cxd5 cxd5 8. a4 b4
9. Na2 a5 10. Bb5+ Nbd7 11. Bd2 Rc8 12. Rc1 e6 13. O-O Bd6 14. Rxc8 Qxc8 15. Rc1
Qb8 16. Ne5 Qa8 17. Nxb4 Bxe5 18. dxe5 Ne4 19. Be1 axb4 20. Qxb4 Qb8 21. f3 Nec5
22. Qxc5 1-0

[Event "Druzynowe Mistrzostwa Polski - II liga"]
[Site "Dom Wczasowy VIS Jastrzebia Gora"]
[Date "1899-12-30"]
[Round "1.84"]
[White "Hampel, Anna"]
[Black "Chrzaszcz, Malvina"]
[Result "0-1"]
[WhiteTitle "I++"]
[BlackTitle "k+"]
[WhiteElo "1665"]
[BlackElo "1968"]

1. e4 e5 2. Nf3 Nc6 3. Bb5 Nf6 4. O-O Nxe4 5. Re1 Nd6 6. Bxc6 dxc6 7. Nxe5 Be7
8. d4 O-O 9. Bf4 Bf5 10. c3 Bf6 11. Qf3 Re8 12. Nd2 Bg5 13. Ndc4 Be6 14. Ne3 Qf6
15. Bg3 Qxf3 16. Nxf3 Bxe3 17. fxe3 Bd5 18. b3 Re7 19. c4 Be4 20. Nd2 Rae8 21.
Bf4 f6 22. c5 Nf5 23. g4 Nh4 24. Kf2 g5 25. Nxe4 Rxe4 26. Bxc7 Rxg4 27. Rg1 Rge4
28. Rae1 Nf5 29. Bg3 Nxe3 30. Kf3 h5 31. Bf2 0-1

[Event "Druzynowe Mistrzostwa Polski - II liga"]
[Site "Dom Wczasowy VIS Jastrzebia Gora"]
[Date "1899-12-30"]
[Round "1.85"]
[White "Sliwicki, Damian"]
[Black "Zebracki, Tomasz"]
[Result "1-0"]
[WhiteTitle "CM"]
[BlackTitle "k+"]
[WhiteElo "2140"]
[BlackElo "2209"]

1. c4 c6 2. Nf3 d5 3. e3 Nf6 4. Nc3 Nbd7 5. cxd5 cxd5 6. d4 e6 7. Bd3 Bd6 8. O-O
O-O 9. e4 dxe4 10. Nxe4 Nxe4 11. Bxe4 Nf6 12. Bg5 h6 13. Bxf6 Qxf6 14. Re1 Rd8
15. Ne5 Rb8 16. Qh5 Bd7 17. Re3 Be8 18. Rg3 Bxe5 19. dxe5 Qf4 20. Re3 f5 21. Qf3
Qxe5 22. Bd3 Qxb2 23. Rae1 Bc6 24. Qh5 Bd5 25. a3 Rbc8 26. g4 Rc1 27. gxf5 Rxe1+
28. Rxe1 Qc3 29. Qe2 exf5 30. Bxf5 Qxa3 31. Rd1 Qf8 32. Rxd5 Re8 33. Re5 Rd8 34.
Qh5 b6 35. Qg6 a5 36. Qh7+ Kf7 37. Bg6+ Kf6 38. Rf5+ 1-0

[Event "Druzynowe Mistrzostwa Polski - II liga"]
[Site "Dom Wczasowy VIS Jastrzebia Gora"]
[Date "1899-12-30"]
[Round "1.86"]
[White "Borgula, Rafal"]
[Black "Papka, Sebastian"]
[Result "1/2-1/2"]
[WhiteTitle "FM"]
[BlackTitle "k"]
[WhiteElo "2201"]
[BlackElo "2101"]

1. d4 Nf6 2. c4 g6 3. Nc3 d5 4. cxd5 Nxd5 5. e4 Nxc3 6. bxc3 Bg7 7. Be3 O-O 8.
Rc1 c5 9. d5 Qa5 10. Qb3 e6 11. Bc4 exd5 12. Bxd5 Nd7 13. Nf3 Nf6 14. O-O Nxd5
15. exd5 b6 16. c4 Bd7 17. Bd2 Qa4 18. Rfe1 Rfe8 19. h3 h5 20. Bf4 Qxb3 21. axb3
Bb2 22. Rxe8+ Rxe8 23. Rc2 Bf6 24. Ra2 a5 25. Bc7 Bd8 26. Bxd8 Rxd8 27. Ne5 Be8
28. Re2 f6 29. Nd3 Kf7 30. g4 hxg4 31. hxg4 Bd7 32. f3 Re8 33. Rxe8 Bxe8 34. Kf2
Ke7 35. Ke3 g5 36. Nf2 Kd6 37. Ne4+ Ke5 38. Nc3 Bg6 39. Kd2 Kd6 40. Na4 Kc7 41.
Nc3 a4 42. Ne4 1/2-1/2

[Event "Druzynowe Mistrzostwa Polski - II liga"]
[Site "Dom Wczasowy VIS Jastrzebia Gora"]
[Date "1899-12-30"]
[Round "1.87"]
[White "Drozdowski, Konrad"]
[Black "Paprocki, Jaroslaw"]
[Result "1-0"]
[WhiteTitle "k"]
[BlackTitle "k++"]
[WhiteElo "2088"]
[BlackElo "2170"]

1. Nf3 d5 2. g3 Nd7 3. d4 Ngf6 4. Bg2 e6 5. O-O Be7 6. b3 b6 7. Bb2 Bb7 8. Nbd2
a6 9. c4 c5 10. Rc1 dxc4 11. dxc5 Nxc5 12. Nxc4 b5 13. Qxd8+ Rxd8 14. Nce5 Nd5
15. Nd4 Rc8 16. Bxd5 exd5 17. Nf5 Ne6 18. Rxc8+ Bxc8 19. Rc1 Bd7 20. Nxd7 Kxd7
21. Nxg7 Nxg7 22. Bxg7 Rg8 23. Bd4 Bd6 24. Kg2 Re8 25. Kf3 a5 26. e3 b4 27. Ke2
a4 28. bxa4 Ra8 29. Rc2 Rxa4 30. Kf3 h5 31. h3 f5 32. g4 fxg4+ 33. hxg4 hxg4+
34. Kxg4 Be5 35. Rd2 Ke6 36. f4 Bxd4 37. exd4 Ra8 38. Rh2 Rg8+ 39. Kf3 Ra8 40.
Rh6+ Kf7 41. Rb6 Rxa2 42. Kg4 Rb2 43. Kf5 b3 44. Rb7+ Ke8 45. Ke6 Re2+ 46. Kxd5
b2 47. f5 Rf2 48. Ke6 Re2+ 49. Kf6 Rd2 50. d5 Rxd5 51. Rxb2 Rd6+ 52. Kg7 Rd1 53.
Re2+ Kd7 54. f6 Rg1+ 55. Kf8 Rf1 56. f7 Ra1 57. Rg2 Rd1 58. Kg7 1-0

[Event "Druzynowe Mistrzostwa Polski - II liga"]
[Site "Dom Wczasowy VIS Jastrzebia Gora"]
[Date "1899-12-30"]
[Round "1.89"]
[White "Lewandowski, Marek"]
[Black "Wolanski, Michal"]
[Result "0-1"]
[WhiteTitle "I+"]
[BlackTitle "I++"]
[WhiteElo "1758"]
[BlackElo "1918"]

1. e4 c5 2. Nc3 Nc6 3. Bb5 Nd4 4. Bc4 g6 5. d3 Bg7 6. Nge2 e6 7. Nxd4 cxd4 8. Ne2
Ne7 9. O-O O-O 10. Bb3 d5 11. f4 a5 12. a4 b6 13. Ng3 dxe4 14. dxe4 Bb7 15. f5
exf5 16. exf5 Nd5 17. fxg6 hxg6 18. Qg4 Qc8 19. Qxc8 Raxc8 20. Bd2 Ne3 21. Bxe3
dxe3 22. c3 Rcd8 23. Rad1 Rxd1 24. Rxd1 Bh6 25. Bc4 Bf4 26. Nf1 Rc8 27. Bb5 Rc5
28. Re1 Re5 29. Ng3 Rg5 30. Re2 Rd5 31. b4 axb4 32. cxb4 Rd4 33. Nf1 Re4 34. Ng3
Rxb4 35. Nf1 Rb1 36. Bd3 Ra1 37. Bb5 Kg7 38. g3 Bd6 39. Rb2 Bc5 40. Be2 Rxa4 41.
Rb3 Ra2 0-1

[Event "Druzynowe Mistrzostwa Polski - II liga"]
[Site "Dom Wczasowy VIS Jastrzebia Gora"]
[Date "1899-12-30"]
[Round "1.90"]
[White "Paprocka, Renata"]
[Black "Mackiewicz, Anna"]
[Result "1/2-1/2"]
[WhiteTitle "WFM"]
[BlackTitle "k+"]
[WhiteElo "1869"]
[BlackElo "1850"]

1. d4 Nf6 2. Nf3 g6 3. c4 Bg7 4. Nc3 d6 5. e4 O-O 6. Be2 e5 7. O-O Nc6 8. d5 Ne7
9. b4 Nh5 10. c5 Nf4 11. Bxf4 exf4 12. Rc1 h6 13. Nd2 g5 14. Nc4 Ng6 15. cxd6
cxd6 16. Nb5 Be5 17. Bh5 Qf6 18. Bxg6 Qxg6 19. Nxe5 dxe5 20. Rc7 Qb6 21. Qh5 Kg7
22. h4 Qxb5 23. Rfc1 Qxb4 24. hxg5 Qxe4 25. gxh6+ Kg8 26. Rxc8 Raxc8 27. Rxc8
Rxc8 28. Qg4+ Qg6 29. Qxc8+ Kh7 30. Qf8 f3 31. g3 e4 32. d6 e3 33. Qe7 e2 34.
d7 Qe6 35. Qxe6 fxe6 36. d8=Q e1=Q+ 37. Kh2 Qxf2+ 38. Kh3 Qb2 39. Qe7+ Kxh6 40.
Qxe6+ Kg7 41. Qg4+ Kh6 42. Qh4+ Kg7 43. Qg4+ Kh7 44. Qh5+ Kg7 1/2-1/2

[Event "Druzynowe Mistrzostwa Polski - II liga"]
[Site "Dom Wczasowy VIS Jastrzebia Gora"]
[Date "1899-12-30"]
[Round "1.91"]
[White "Rudolf, Michal"]
[Black "Bes, Michal"]
[Result "1-0"]
[WhiteTitle "FM"]
[BlackTitle "k"]
[WhiteElo "2328"]
[BlackElo "2091"]

1. e4 e5 2. Nf3 Nc6 3. Bc4 Nf6 4. d3 Be7 5. O-O O-O 6. Re1 d6 7. a4 Na5 8. Ba2
c5 9. Na3 Nc6 10. c3 h6 11. Bd2 Re8 12. h3 Bf8 13. b4 cxb4 14. cxb4 Be6 15. b5
Nb8 16. Bb1 d5 17. exd5 Bxd5 18. Bc3 Nbd7 19. Nc4 e4 20. Nfd2 Rc8 21. Bb2 Bb4
22. Ne3 Be6 23. dxe4 Nc5 24. Re2 Nh5 25. Nd5 Bxd5 26. exd5 Qxd5 27. Ba2 Qd7 28.
Rxe8+ Qxe8 29. Nc4 Nf4 30. Nd6 Qd7 31. Nxc8 Qxc8 32. Bxg7 Ncd3 33. Bxh6 Nxh3+
34. gxh3 Qxh3 35. Qf1 Qxh6 36. Qxd3 Bd6 37. Qf3 Qg7+ 38. Qg2 1-0

[Event "Druzynowe Mistrzostwa Polski - II liga"]
[Site "Dom Wczasowy VIS Jastrzebia Gora"]
[Date "1899-12-30"]
[Round "1.92"]
[White "Walentukiewicz, Michal"]
[Black "Warszawski, Bartosz"]
[Result "0-1"]
[WhiteTitle "CM"]
[BlackTitle "m"]
[WhiteElo "2097"]
[BlackElo "2163"]

1. g3 e6 2. Bg2 Nf6 3. Nf3 d5 4. O-O Be7 5. c4 O-O 6. cxd5 exd5 7. d3 c5 8. Bg5
Nc6 9. Nc3 Be6 10. e4 dxe4 11. dxe4 h6 12. Bf4 Nd4 13. Nxd4 cxd4 14. Nb5 Bc4 15.
Nxd4 Bxf1 16. Kxf1 Qb6 17. Nf5 Bc5 18. Qe2 Rad8 19. Rc1 Rfe8 20. e5 Bf8 21. Be3
Qe6 22. exf6 Qxf5 23. fxg7 Bxg7 24. Bxb7 Rxe3 25. Qxe3 Qb5+ 26. Kg1 Qxb7 27. b3
a6 28. h4 Qd5 29. Re1 Qf5 30. Kg2 Bd4 31. Qf3 Qxf3+ 32. Kxf3 Bc3 33. Rc1 Bb4 34.
Rc6 a5 35. Ra6 Kg7 36. a3 Bxa3 37. Rxa5 Rd3+ 38. Kg2 Rxb3 39. Rf5 Kg6 40. Rf4
h5 41. Rc4 Rb2 42. Rc6+ f6 43. Rc3 Bb4 44. Rf3 Bc5 45. Rf4 Bb6 46. Rf3 Kf7 47.
Kg1 Ke6 48. Kg2 Bd4 49. Rf4 Kd5 50. Kf1 Be5 51. Rf3 Ke4 52. Re3+ Kf5 53. Kg2 Rd2
54. Rf3+ Kg4 55. Re3 Rxf2+ 0-1

[Event "Druzynowe Mistrzostwa Polski - II liga"]
[Site "Dom Wczasowy VIS Jastrzebia Gora"]
[Date "1899-12-30"]
[Round "1.93"]
[White "Chalupnik, Marcin"]
[Black "Bienias, Piotr"]
[Result "0-1"]
[WhiteTitle "k++"]
[BlackTitle "I++"]
[WhiteElo "2135"]
[BlackElo "1957"]

1. e4 d5 2. exd5 Qxd5 3. Nc3 Qa5 4. Nf3 Nf6 5. Bc4 Bf5 6. d3 c6 7. Qe2 Nbd7 8.
Bd2 Qc7 9. O-O-O Nb6 10. Bb3 Nbd5 11. Ne5 h5 12. h3 h4 13. g4 hxg3 14. fxg3 Be6
15. Ng6 Rg8 16. Nxd5 Bxd5 17. Bxd5 Nxd5 18. Nxf8 Rxf8 19. Qf2 Qb6 20. Qf3 Qd4
21. Rde1 e6 22. Bg5 0-1

[Event "Druzynowe Mistrzostwa Polski - II liga"]
[Site "Dom Wczasowy VIS Jastrzebia Gora"]
[Date "1899-12-30"]
[Round "1.94"]
[White "Antoniewicz, Jakub"]
[Black "Rams, Michal"]
[Result "0-1"]
[WhiteTitle "I"]
[BlackTitle "k+"]
[WhiteElo "1928"]
[BlackElo "2112"]

1. e4 e6 2. c4 c5 3. Nc3 Nc6 4. g3 g6 5. Bg2 Bg7 6. Nge2 d6 7. O-O Nge7 8. Rb1
O-O 9. a3 b6 10. b4 Bb7 11. d3 Nd4 12. Nxd4 cxd4 13. Ne2 e5 14. f4 Qd7 15. h3
f5 16. Kh2 fxe4 17. dxe4 Rac8 18. Qb3 Kh8 19. Bd2 Qe6 20. c5 Qxb3 21. Rxb3 dxc5
22. bxc5 Rxc5 23. Bb4 Ba6 24. Re1 Nc6 25. Bxc5 bxc5 26. f5 c4 27. Rf3 Rb8 28.
fxg6 hxg6 29. Rf7 Kg8 30. Rc7 Rc8 31. Rd7 c3 32. Nc1 Bh6 33. Bf1 Bxf1 34. Rxf1
Bxc1 35. Rxc1 Na5 36. Rc2 Rb8 37. Rxa7 Nc4 38. Kg1 Rb1+ 39. Kf2 Ne3 40. Ra8+ Kg7
41. Ra7+ Kh6 0-1

[Event "Druzynowe Mistrzostwa Polski - II liga"]
[Site "Dom Wczasowy VIS Jastrzebia Gora"]
[Date "1899-12-30"]
[Round "1.95"]
[White "Kasperkiewicz, Pawel"]
[Black "Jankowski, Aleksander"]
[Result "1/2-1/2"]
[WhiteTitle "k"]
[BlackTitle "I"]
[WhiteElo "1884"]
[BlackElo "1734"]

1. e4 c5 2. Nf3 Nc6 3. Bb5 g6 4. O-O Bg7 5. Re1 e5 6. Nc3 Nge7 7. d3 d6 8. Nd5
O-O 9. Ne3 Nd4 10. Bc4 b5 11. Bb3 a5 12. c3 Nxf3+ 13. Qxf3 a4 14. Bc2 Bb7 15.
Ng4 f5 16. Nh6+ Kh8 17. Qh3 f4 18. Bd1 Bc8 19. Bg4 Bxh6 20. Bxc8 Qxc8 21. Qxh6
Ng8 22. Qh4 Kg7 23. f3 h6 24. Qf2 g5 25. d4 c4 26. Rd1 Nf6 27. Bd2 Kh7 28. h3
h5 29. Be1 Rg8 30. dxe5 dxe5 31. Rd6 Ra6 32. Rad1 Rg7 33. Rxa6 Qxa6 34. Qc5 Nd7
35. Qd5 Re7 36. Bf2 Nf6 37. Qc5 Qb7 38. Rd6 Kg7 39. Kf1 Kf7 40. Qb6 Ne8 41. Rh6
Qxb6 42. Rxb6 Nc7 43. Rb7 Kf6 44. Ke2 Ke6 45. Rb6+ Kd7 46. Rh6 h4 47. Rb6 Re6
48. Rxe6 Nxe6 49. Kd2 Kc6 50. a3 Nc5 51. Bxc5 Kxc5 1/2-1/2

[Event "Druzynowe Mistrzostwa Polski - II liga"]
[Site "Dom Wczasowy VIS Jastrzebia Gora"]
[Date "1899-12-30"]
[Round "1.96"]
[White "Leczek, Weronika"]
[Black "Zajkowska, Olga"]
[Result "1-0"]
[WhiteTitle "k"]
[BlackTitle "k"]
[WhiteElo "1900"]
[BlackElo "1836"]

1. d4 Nf6 2. Nc3 g6 3. e4 d6 4. f4 Bg7 5. Nf3 c5 6. dxc5 Qa5 7. Bd2 Qxc5 8. Bd3
a6 9. Qe2 b5 10. e5 dxe5 11. fxe5 Ng4 12. Be4 Ra7 13. O-O-O Rd7 14. e6 Rxd2 15.
exf7+ Kxf7 16. Nxd2 Bxc3 17. bxc3 Nf6 18. Rhf1 Be6 19. Nb3 Qxc3 20. Bd5 Bxd5 21.
Rxd5 Rc8 22. Re5 Nc6 23. Re3 Qb4 24. c3 Nd4 25. Nxd4 Qxd4 26. Rxe7+ Kf8 27. Re8+
Rxe8 28. Qxe8+ Kxe8 29. cxd4 Ke7 30. Kd2 Ke6 31. Kd3 Nd5 32. a3 a5 33. Rf8 b4
34. axb4 axb4 35. g3 Ke7 36. Rh8 h5 37. Rb8 Ke6 38. Kc4 Ne3+ 39. Kxb4 Kd5 40.
Rd8+ Ke4 41. Kc5 Nf1 42. Re8+ 1-0

[Event "Druzynowe Mistrzostwa Polski - II liga"]
[Site "Dom Wczasowy VIS Jastrzebia Gora"]
[Date "1899-12-30"]
[Round "1.97"]
[White "Mrozowski, Patryk"]
[Black "Mondrzycki, Bartlomiej"]
[Result "1-0"]
[WhiteTitle "I++"]
[BlackTitle "CM"]
[WhiteElo "2116"]
[BlackElo "2220"]

1. e4 c5 2. Nf3 d6 3. d4 cxd4 4. Nxd4 Nf6 5. Nc3 Nc6 6. f3 e5 7. Nb3 Be7 8. Be3
Be6 9. Qe2 O-O 10. O-O-O Qc8 11. g4 a5 12. g5 Ne8 13. a3 a4 14. Nd2 Nd4 15. Qd3
Nc7 16. h4 d5 17. Bxd4 dxe4 18. Ndxe4 exd4 19. Qxd4 Rd8 20. Qe5 Rxd1+ 21. Kxd1
b5 22. Bd3 b4 23. axb4 a3 24. bxa3 Rxa3 25. Nb1 Rxd3+ 26. cxd3 Nd5 27. Nbc3 Nxb4
28. Ke2 Qd8 29. Rd1 Nc6 30. Qf4 Nd4+ 31. Kf2 Nf5 32. Ne2 h6 33. d4 g6 34. N2g3
Nxg3 35. Kxg3 Bf5 36. gxh6 Qb6 37. Qe5 Bf8 38. Nf6+ Kh8 39. Nd5+ f6 40. Nxb6 fxe5
41. dxe5 Kh7 42. Nd7 Bb4 43. Nf6+ Kxh6 44. Kf4 Bc3 45. Rd8 Bb2 46. Rh8+ Kg7 47.
Rh7+ Kf8 48. Rc7 Bd4 49. h5 1-0

[Event "Druzynowe Mistrzostwa Polski - II liga"]
[Site "Dom Wczasowy VIS Jastrzebia Gora"]
[Date "1899-12-30"]
[Round "1.98"]
[White "Bronowicki, Mateusz"]
[Black "Kopczyk, Daniel"]
[Result "1/2-1/2"]
[WhiteTitle "FM"]
[BlackTitle "k+"]
[WhiteElo "2189"]
[BlackElo "2167"]

1. d4 Nf6 2. c4 c5 3. Nf3 cxd4 4. Nxd4 e5 5. Nb5 d5 6. cxd5 a6 7. N5c3 Bc5 8. h3
O-O 9. g4 b5 10. Bg2 Nbd7 11. a3 Bb7 12. O-O Rc8 13. e3 Nb6 14. b4 Bd6 15. Qb3
Qe7 16. e4 Rc7 17. Bg5 h6 18. Bh4 g5 19. Bg3 Rfc8 20. Ra2 Rc4 21. f3 h5 22. Bf2
Nbd7 23. Rc1 hxg4 24. hxg4 a5 25. bxa5 Nc5 26. Qd1 Na4 27. Rac2 Bxa3 28. Nxa3
Nxc3 29. Qd2 Qxa3 30. Qxg5+ Kf8 31. Rxc3 Rxc3 32. Rxc3 Qxc3 33. Qxf6 Qc1+ 34.
Bf1 Qf4 35. Qxf4 exf4 36. Bxb5 Ke7 37. a6 Ba8 38. Kg2 Kd6 39. a7 Rc2 40. Bd3 Rd2
41. Bb5 f6 42. Kf1 Rb2 43. Be8 Rb1+ 44. Ke2 Rb2+ 45. Kf1 Rb1+ 46. Ke2 1/2-1/2

[Event "Druzynowe Mistrzostwa Polski - II liga"]
[Site "Dom Wczasowy VIS Jastrzebia Gora"]
[Date "1899-12-30"]
[Round "1.99"]
[White "Dzwierzynski, Bartosz"]
[Black "Dzikowski, Michal"]
[Result "1-0"]
[WhiteTitle "I+"]
[BlackTitle "k"]
[WhiteElo "2089"]
[BlackElo "2084"]

1. d4 Nf6 2. c4 e6 3. Nc3 Bb4 4. f3 c5 5. d5 d6 6. e4 b5 7. Bd3 exd5 8. cxd5 a6
9. Nge2 O-O 10. O-O Nbd7 11. Bc2 Ba5 12. Kh1 Re8 13. Ng3 Ne5 14. h3 Bd7 15. Nce2
Bb6 16. f4 Ng6 17. f5 Nf8 18. Bg5 h6 19. Bh4 N8h7 20. Nf4 Qe7 21. Ngh5 Qe5 22.
Nd3 Qd4 23. Bxf6 Nxf6 24. e5 Nxd5 25. Qe1 Qe3 26. Qd1 Qg5 27. Ndf4 Ne3 28. Qxd6
Nxc2 29. Qxd7 Nxa1 30. e6 Qe7 31. Qc6 Bc7 32. f6 Qd6 33. Qe4 Qe5 34. exf7+ Kf8
35. Ng6+ Kxf7 36. Nxe5+ 1-0

[Event "Druzynowe Mistrzostwa Polski - II liga"]
[Site "Dom Wczasowy VIS Jastrzebia Gora"]
[Date "1899-12-30"]
[Round "1.100"]
[White "Piotrowski, Przemyslaw"]
[Black "Palacki, Rafal"]
[Result "1-0"]
[WhiteTitle "FM"]
[BlackTitle "I"]
[WhiteElo "2219"]
[BlackElo "1860"]

1. d4 Nf6 2. Nf3 d5 3. g3 e6 4. Bg2 Be7 5. O-O O-O 6. c4 dxc4 7. Qc2 a6 8. a4 c5
9. dxc5 Bxc5 10. Qxc4 Qe7 11. Nc3 b5 12. Qh4 b4 13. Ng5 Bb7 14. Nce4 Nbd7 15.
Nxc5 Nxc5 16. Nxh7 Bxg2 17. Bg5 Nce4 18. Bxf6 Qb7 19. f3 Nxf6 20. Nxf6+ gxf6 21.
Kxg2 Kg7 22. Qg4+ Kh7 23. Rfd1 Rfd8 24. Rac1 Rac8 25. Rxc8 Rxc8 26. Rd4 Rc2 27.
Rd8 Rc8 28. Qg8+ 1-0

[Event "Druzynowe Mistrzostwa Polski - II liga"]
[Site "Dom Wczasowy VIS Jastrzebia Gora"]
[Date "1899-12-30"]
[Round "1.101"]
[White "Skladanowski, Adam"]
[Black "Suliborski, Jakub"]
[Result "0-1"]
[WhiteTitle "I++"]
[BlackTitle "k"]
[WhiteElo "1774"]
[BlackElo "2096"]

1. d4 Nf6 2. Nf3 g6 3. g3 Bg7 4. Bg2 O-O 5. O-O d6 6. c4 c6 7. Nc3 Bf5 8. Bg5 Ne4
9. Nxe4 Bxe4 10. Ne1 Bxg2 11. Nxg2 h6 12. Be3 Nd7 13. Qd2 Kh7 14. Qc2 Rc8 15.
h4 Qa5 16. Bd2 Qh5 17. Bc3 b5 18. b3 Nb6 19. Bb2 bxc4 20. bxc4 c5 21. Nf4 Qf5
22. e4 Qd7 23. dxc5 Bxb2 24. Qxb2 Nxc4 25. Qb4 Rxc5 26. Rac1 Rfc8 27. Qb3 Kg8
28. Qd3 Ne5 29. Qe3 Qg4 30. Rxc5 Rxc5 31. Kg2 Nc4 32. Qd3 Nb6 33. Rb1 Qc8 34.
Rb3 Qc6 35. Kh2 Rc2 36. Qe3 Kh7 37. Qf3 Kg7 38. h5 Qc5 39. Kg1 g5 40. Ng2 Nc4
41. Rb7 Ne5 42. Qf5 Rc1+ 43. Kh2 Qxf2 0-1

[Event "Druzynowe Mistrzostwa Polski - II liga"]
[Site "Dom Wczasowy VIS Jastrzebia Gora"]
[Date "1899-12-30"]
[Round "1.102"]
[White "Owczarek, Monika"]
[Black "Giefert, Sara"]
[Result "1-0"]
[WhiteTitle "I"]
[BlackTitle "I++"]
[WhiteElo "1453"]
[BlackElo "1682"]

1. c4 Nf6 2. Nc3 d6 3. g3 g6 4. Bg2 Bg7 5. Nf3 Nbd7 6. O-O O-O 7. Rb1 a5 8. a3
e5 9. d3 c6 10. b4 axb4 11. axb4 Qc7 12. b5 d5 13. bxc6 bxc6 14. Nd2 Qa5 15. Bb2
Bb7 16. e3 Rfb8 17. Ne2 Ne8 18. Bc3 Qc7 19. Qc2 f5 20. Rfc1 Qd6 21. cxd5 cxd5
22. Bb4 Qe6 23. Bc3 Ba6 24. Rxb8 Rxb8 25. Nf3 h6 26. Qd2 Qb6 27. d4 e4 28. Ne5
Nxe5 29. dxe5 Bc4 30. Nf4 Rd8 31. Bf1 g5 32. Ng2 Bxf1 33. Kxf1 Qe6 34. Qb2 Kh7
35. Bd4 h5 36. h4 Bh6 37. Qb5 Ng7 38. Rc6 Qd7 39. Qb6 Ne6 40. Rxe6 Bf8 41. Qa7
Qxa7 42. Bxa7 Rc8 43. Rb6 Rc1+ 44. Ne1 gxh4 45. gxh4 Kg7 46. Bb8 Kg8 47. Bd6 Bh6
48. Ba3 Ra1 49. Rxh6 Rxa3 50. Rxh5 f4 51. exf4 d4 52. Nc2 Ra4 53. Nxd4 Rxd4 54.
Rf5 Rd5 55. Ke2 Ra5 56. Ke3 Ra2 57. Rf6 Kg7 58. h5 1-0

[Event "Druzynowe Mistrzostwa Polski - II liga"]
[Site "Dom Wczasowy VIS Jastrzebia Gora"]
[Date "1899-12-30"]
[Round "1.103"]
[White "Sopur, Lech"]
[Black "Janeczko, Jakub"]
[Result "1-0"]
[WhiteTitle "m"]
[BlackTitle "I++"]
[WhiteElo "2411"]
[BlackElo "2159"]

1. c4 e5 2. g3 g6 3. Bg2 Bg7 4. Nc3 d6 5. Nf3 f5 6. O-O Nf6 7. d3 O-O 8. Rb1 Nc6
9. b4 h6 10. b5 Ne7 11. a4 g5 12. a5 Rb8 13. c5 g4 14. cxd6 cxd6 15. Nd2 Qxa5
16. b6 Qxc3 17. Nc4 Ned5 18. Bb2 axb6 19. Bxc3 Nxc3 20. Qb3 Nxe2+ 21. Kh1 Be6
22. Qxb6 Bxc4 23. dxc4 Nc3 24. Qxd6 Nxb1 25. Rxb1 e4 26. Qe6+ Rf7 27. Qxf5 Re8
28. Rd1 Rfe7 29. Qb5 h5 30. Kg1 Bh6 31. Qf5 Kg7 32. Rd6 Rf8 33. Re6 Rxe6 34. Qxe6
Re8 35. Qb6 Re7 36. Qb4 Rd7 37. Qb3 Re7 38. Kf1 Kg6 39. Qb6 Kf7 40. Qb5 Kg7 41.
Ke1 Rd7 42. Qf5 Bd2+ 43. Kf1 Re7 44. Ke2 Bh6 45. Kd1 Rd7+ 46. Ke1 Bd2+ 47. Ke2
Bh6 48. Bxe4 1-0

[Event "Druzynowe Mistrzostwa Polski - II liga"]
[Site "Dom Wczasowy VIS Jastrzebia Gora"]
[Date "1899-12-30"]
[Round "1.104"]
[White "Dalkowski, Rafal"]
[Black "Miturova, Magdalena"]
[Result "1-0"]
[WhiteTitle "k"]
[BlackTitle "WIM"]
[WhiteElo "2033"]
[BlackElo "2219"]

1. d4 Nf6 2. c4 e6 3. Nf3 Bb4+ 4. Bd2 a5 5. Nc3 b6 6. e3 Bb7 7. Bd3 d6 8. Qc2 Nbd7
9. O-O e5 10. Bf5 g6 11. Bxd7+ Qxd7 12. dxe5 Bxf3 13. gxf3 dxe5 14. a3 Bd6 15.
Ne4 Nxe4 16. Qxe4 O-O 17. Bc3 Qe6 18. b4 axb4 19. axb4 Rad8 20. Rfd1 Rfe8 21.
Qc6 e4 22. Qxe4 Qxe4 23. fxe4 Ra8 24. Rxa8 Rxa8 25. e5 Bf8 26. Rd7 Ra3 27. Bd2
Ra1+ 28. Kg2 Rd1 29. Rd8 Kg7 30. e6 Rb1 31. Bc3+ 1-0

[Event "Druzynowe Mistrzostwa Polski - II liga"]
[Site "Dom Wczasowy VIS Jastrzebia Gora"]
[Date "1899-12-30"]
[Round "1.105"]
[White "Strejczek, Marek"]
[Black "Zdybel, Przemyslaw"]
[Result "0-1"]
[WhiteTitle "k"]
[BlackTitle "I++"]
[WhiteElo "2138"]
[BlackElo "2002"]

1. d4 Nf6 2. c4 g6 3. Nc3 d5 4. cxd5 Nxd5 5. Bd2 Bg7 6. Nf3 c5 7. e4 Nxc3 8. Bxc3
cxd4 9. Bxd4 O-O 10. Bxg7 Kxg7 11. Bc4 Nc6 12. h3 Qa5+ 13. Qd2 Rd8 14. Qc3+ Qxc3+
15. bxc3 Na5 16. Bd5 e6 17. Bb3 b6 18. O-O Bb7 19. Rfd1 Bxe4 20. Rxd8 Rxd8 21.
Rd1 Rxd1+ 22. Bxd1 Bxf3 23. Bxf3 Nc4 24. Bc6 e5 25. Kf1 f5 26. Ke2 Kf6 27. g3
e4 28. Bd5 Nd6 29. h4 Ke5 30. Bg8 h6 31. Bh7 g5 32. hxg5 hxg5 33. Bg8 f4 34. gxf4+
gxf4 35. Bb3 f3+ 36. Kd2 Kf4 37. Bd5 Nf5 38. Bb7 e3+ 39. fxe3+ Nxe3 40. Ke1 Kg3
41. Ba6 f2+ 42. Kd2 Kf4 43. a4 f1=Q 44. Bxf1 Nxf1+ 45. Kd3 Ke5 46. a5 Kd6 47.
axb6 axb6 48. Kc4 Kc6 49. Kb4 Ne3 50. c4 Nf5 51. Kb3 Kc5 52. Kc3 Nd6 0-1

[Event "Druzynowe Mistrzostwa Polski - II liga"]
[Site "Dom Wczasowy VIS Jastrzebia Gora"]
[Date "1899-12-30"]
[Round "1.106"]
[White "Pancewicz, Szymon"]
[Black "Flis, Pawel"]
[Result "0-1"]
[WhiteTitle "I+"]
[BlackTitle "CM"]
[WhiteElo "1850"]
[BlackElo "1936"]

1. e4 e5 2. Nf3 Nc6 3. Bb5 a6 4. Ba4 Nf6 5. O-O Be7 6. Re1 b5 7. Bb3 O-O 8. a4
Bb7 9. d3 d6 10. c3 Na5 11. Bc2 c5 12. Nbd2 Nc6 13. Nf1 Re8 14. Ng3 Bf8 15. Nf5
d5 16. Bg5 d4 17. Qd2 dxc3 18. bxc3 b4 19. Bb3 Na5 20. Rab1 Nxb3 21. Rxb3 Bc6
22. Qa2 Qxd3 23. Bxf6 gxf6 24. cxb4 Qd7 25. bxc5 Bxc5 26. Nd2 Kh8 27. Rh3 Rg8
28. Qb3 Rg6 29. Nf1 Rd8 30. Rd1 Bd4 31. N1e3 Bxe3 32. Rxd7 Bxd7 33. Nxe3 0-1

[Event "Druzynowe Mistrzostwa Polski - II liga"]
[Site "Dom Wczasowy VIS Jastrzebia Gora"]
[Date "1899-12-30"]
[Round "1.107"]
[White "Strzelecki, Jerzy"]
[Black "Suska, Szymon"]
[Result "1/2-1/2"]
[WhiteTitle "k"]
[BlackTitle "I"]
[WhiteElo "1863"]
[BlackElo "1777"]

1. Nf3 Nf6 2. c4 e6 3. d4 Bb4+ 4. Nc3 b6 5. e3 Bb7 6. Bd3 Ne4 7. Bxe4 Bxe4 8. O-O
Bxc3 9. bxc3 O-O 10. Nd2 Bb7 11. e4 d6 12. f3 Nd7 13. Re1 e5 14. a4 Qf6 15. Bb2
a5 16. Nf1 Qe6 17. Ne3 Ba6 18. Ba3 Rfd8 19. Rb1 Rac8 20. Qd2 Nf8 21. Red1 Qe8
22. Qc2 Bb7 23. Ra1 Bc6 24. Bc1 Ng6 25. Ra2 Qd7 26. Bd2 f6 27. Be1 Kh8 28. Kh1
Rf8 29. g4 Qf7 30. Bg3 Ne7 31. Rf1 g5 32. Kg2 Kg7 33. Raa1 Bd7 34. Rh1 Rh8 35.
h4 h6 36. h5 Be6 37. Qe2 Rhd8 38. Rhd1 Bd7 39. Bf2 Bc6 1/2-1/2

[Event "Druzynowe Mistrzostwa Polski - II liga"]
[Site "Dom Wczasowy VIS Jastrzebia Gora"]
[Date "1899-12-30"]
[Round "1.108"]
[White "Rejniak, Zuzanna"]
[Black "Posuniak, Weronika"]
[Result "1-0"]
[WhiteTitle "k"]
[BlackTitle "k"]
[WhiteElo "1834"]
[BlackElo "1887"]

1. e4 c6 2. d4 d5 3. Nc3 dxe4 4. Nxe4 Nd7 5. Ng5 Ngf6 6. Bd3 Nb6 7. N1f3 Qd5 8.
h3 g6 9. Qe2 Bg7 10. c4 Qd8 11. O-O O-O 12. Re1 e6 13. b3 Nh5 14. Ne4 Qc7 15.
Bg5 Nd7 16. Qd2 b6 17. Be7 Re8 18. Bd6 Qd8 19. Rad1 Bb7 20. Ba3 Bf8 21. Bxf8 Nxf8
22. c5 Qc7 23. g4 Nf4 24. Nf6+ Kh8 25. Nxe8 Rxe8 26. Bf1 f5 27. Qe3 Nd7 28. Ne5
Nd5 29. Qg3 N7f6 30. Bg2 Kg7 31. Bxd5 exd5 32. gxf5 Ne4 33. Rxe4 dxe4 34. fxg6
1-0

[Event "Druzynowe Mistrzostwa Polski - II liga"]
[Site "Dom Wczasowy VIS Jastrzebia Gora"]
[Date "1899-12-30"]
[Round "1.109"]
[White "Gierulski, Kamil"]
[Black "Zaskalski, Arkadiusz"]
[Result "1/2-1/2"]
[WhiteTitle "k++"]
[BlackTitle "k"]
[WhiteElo "2247"]
[BlackElo "2154"]

1. d4 Nf6 2. Nf3 d5 3. g3 g6 4. Bg2 Bg7 5. O-O O-O 6. c4 c6 7. b3 a5 8. Nc3 Be6
9. cxd5 Nxd5 10. Bb2 Nxc3 11. Bxc3 Bd5 12. Qc2 f5 13. Rfe1 Nd7 14. Rad1 Nf6 15.
Ne5 Bxg2 16. Kxg2 Nd5 17. Bb2 a4 18. bxa4 Qa5 19. Nd7 Rf7 20. e4 fxe4 21. Qxe4
Qxa4 22. a3 Qb3 23. Rd2 Nf6 24. Nxf6+ Bxf6 25. Re3 Qb5 26. Qe6 Rd8 27. Rb3 Qa5
28. Rdd3 Qc7 29. d5 Bxb2 30. Rxb2 Rxd5 31. Rxd5 cxd5 32. Qxd5 b6 33. Qe6 Qc5 34.
a4 Qa3 35. Rxb6 Qf3+ 36. Kh3 Qh5+ 37. Kg2 1/2-1/2